000 00743 a2200241 4500
020 _a0-471-37941-7
040 _aDLC
_bDLC
082 0 _a621.3815324
082 0 _a621.381 532 4
082 0 _a621.382 2
245 1 0 _aUnsupervised adaptive filtering Vol. 2
_pBlind deconvolution
_cedited by Simon Haykin
260 _aNew York :
_bWiley,
_ccop. 2000
300 _axii, 184 s. :
_bill.
650 7 _aAdaptive filters
650 7 _aAdaptive signal processing
650 7 _aFilter (Elektronik)
650 7 _aFilters (Electronic engineering)
650 7 _aAdaptiv signalbehandling
650 7 _aAdaptive signal processing
700 1 _aHaykin, Simon S.,
_d1931-
_4oth
740 0 _aBlind deconvolution
942 _cBK
_k621.3815324 HAY
_2ddc
999 _c8075
_d8075